00318 a2200145 4500003000400000005001700004008004100021020001800062040000700080082001400087100001300101245003600114260001400150264000800164OSt20231213111405.0231213b |||||||| |||| 00| 0 eng d a9781032605258 c  a005.8/RAV aRavi Das aPractical AI for cyber security bCRCc2023 bCRC